[Event "GRE-chT 52nd"]
[Site "Loutraki"]
[Date "2025.06.30"]
[Round "3.15"]
[White "Tsolakidou, Stavroula"]
[Black "Amiridou, Dimitra"]
[Result "1-0"]
[WhiteElo "2428"]
[BlackElo "1931"]
[PlyCount "59"]
[EventDate "2025.06.28"]
[EventType "team-swiss"]
[EventRounds "7"]
[EventCountry "GRE"]
[SourceTitle "CB28_2025"]
[SourceDate "2025.07.09"]
[SourceVersion "1"]
[SourceVersionDate "2025.07.09"]
[SourceQuality "1"]
[WhiteTeam "Kavalas"]
[BlackTeam "Thessaloniki Aris"]
[WhiteTeamCountry "GRE"]
[BlackTeamCountry "GRE"]

1. d4 Nf6 2. Nc3 d5 3. Bf4 c6 4. e3 Bf5 5. Nf3 e6 6. Bd3 h6 7. Ne5 Nbd7 8. a3 Nxe5 9. dxe5 Bxd3 10. cxd3 d4 11. exf6 dxc3 12. bxc3 Qxf6 13. d4 Rd8 14. Qa4 Qg6 15. 0-0 a6 16. Rab1 Rd7 17. Rb6 Qd3 18. Qb3 Be7 19. Rxb7 Rxb7 20. Qxb7 Qb5 21. Qc8+ Bd8 22. Bd6 Qd5 23. Bc5 a5 24. Rb1 Qd7 25. Qa8 e5 26. Rb7 Qe6 27. Rb8 Qd7 28. Bb6 0-0 29. Rxd8 Rxd8 30. Qxd8+ 1-0

[Event "WchT Blitz Final"]
[Site "London"]
[Date "2025.06.15"]
[Round "2.1"]
[White "Divya, Deshmukh"]
[Black "Tsolakidou, Stavroula"]
[Result "1-0"]
[WhiteElo "2463"]
[BlackElo "2428"]
[PlyCount "139"]
[EventDate "2025.06.15"]
[EventType "team-k.o. (blitz)"]
[EventRounds "4"]
[EventCountry "ENG"]
[SourceTitle "CB25_2025"]
[SourceDate "2025.06.18"]
[SourceVersion "1"]
[SourceVersionDate "2025.06.18"]
[SourceQuality "1"]
[WhiteTeam "Hexamind Team"]
[BlackTeam "Team MGD1"]
[WhiteTeamCountry "USA"]
[BlackTeamCountry "IND"]

1. c4 Nf6 2. g3 g6 3. Bg2 Bg7 4. Nc3 0-0 5. Nf3 d6 6. 0-0 e5 7. d3 c6 8. Rb1 a5 9. a3 Re8 10. e4 Bg4 11. h3 Bxf3 12. Bxf3 Na6 13. b4 axb4 14. axb4 Nc7 15. Bg2 h5 16. Kh2 Ne6 17. Ne2 h4 18. Be3 d5 19. exd5 cxd5 20. Qb3 hxg3+ 21. fxg3 d4 22. Bd2 Qc7 23. Rf2 e4 24. dxe4 Nd7 25. Nf4 Ne5 26. c5 Qc6 27. Rbf1 Qb5 28. Nd5 Qc4 29. Qd1 Ra2 30. h4 d3 31. Bh3 Qc2 32. Qe1 Nf3+ 33. Rxf3 Qxd2+ 34. Qxd2 Rxd2+ 35. R3f2 Rxf2+ 36. Rxf2 Nd4 37. Bf1 d2 38. Nc3 Rxe4 39. Bg2 Re3 40. Nd1 Re1 41. Rxd2 Nc6 42. b5 Ne5 43. c6 bxc6 44. bxc6 Nxc6 45. Bxc6 Bh6 46. Rd8+ Kg7 47. Nf2 Re2 48. Kg2 Be3 49. Kf3 Rxf2+ 50. Kxe3 Rc2 51. Bf3 Rc3+ 52. Kf2 Rc2+ 53. Ke3 Rc3+ 54. Kf2 Rc2+ 55. Be2 f5 56. Rd7+ Kf6 57. Rd6+ Kg7 58. Re6 Kf7 59. Ra6 Rb2 60. Kf3 Rb4 61. Rc6 Kg7 62. Bf1 Rb3+ 63. Kf4 Rb4+ 64. Kf3 Rb3+ 65. Kg2 Rb4 66. Bd3 Rd4 67. Bc2 Rd2+ 68. Kf3 Rd4 69. h5 gxh5 70. Bxf5 1-0

[Event "WchT Blitz 5-8th"]
[Site "London"]
[Date "2025.06.15"]
[Round "1.1"]
[White "Tsolakidou, Stavroula"]
[Black "Wagner, Dinara"]
[Result "1/2-1/2"]
[WhiteElo "2428"]
[BlackElo "2404"]
[PlyCount "108"]
[EventDate "2025.06.15"]
[EventType "team-k.o. (blitz)"]
[EventRounds "2"]
[EventCountry "ENG"]
[SourceTitle "CB25_2025"]
[SourceDate "2025.06.18"]
[SourceVersion "1"]
[SourceVersionDate "2025.06.18"]
[SourceQuality "1"]
[WhiteTeam "Team MGD1"]
[BlackTeam "Germany and Friends"]
[WhiteTeamCountry "IND"]
[BlackTeamCountry "GER"]

1. e4 c5 2. Nf3 d6 3. Bb5+ Bd7 4. c4 Nc6 5. Nc3 e5 6. d3 Nge7 7. h4 Nd4 8. Bxd7+ Qxd7 9. Nxd4 cxd4 10. Ne2 h5 11. f4 g6 12. Ng1 Bh6 13. fxe5 Bxc1 14. Qxc1 dxe5 15. Nf3 Nc6 16. Qg5 Qe7 17. 0-0 Qxg5 18. Nxg5 0-0 19. Rf6 Rae8 20. Raf1 Re7 21. a3 a5 22. g4 hxg4 23. Kg2 Kg7 24. Kg3 Nd8 25. Kxg4 Rh8 26. Rb6 Nc6 27. b4 axb4 28. axb4 f6 29. Nf3 Ra8 30. h5 gxh5+ 31. Kxh5 Ra3 32. Nh4 Kf7 33. b5 Nb4 34. Rbxf6+ Ke8 35. Nf5 Rh7+ 36. Kg6 Rh2 37. Ng7+ Kd7 38. Rf7+ Kc8 39. Re7 Kb8 40. b6 Rh8 41. Rff7 Nxd3 42. Rxb7+ Ka8 43. Ra7+ Rxa7 44. Rxa7+ Kb8 45. Ne6 Rc8 46. Nc7 Nc5 47. Kf5 d3 48. Kxe5 d2 49. Ra1 Rd8 50. Nd5 Nd3+ 51. Kd4 Nf2 52. c5 d1Q+ 53. Rxd1 Nxd1 54. c6 Re8 1/2-1/2

[Event "WchT Blitz 5-8th"]
[Site "London"]
[Date "2025.06.15"]
[Round "1.2"]
[White "Wagner, Dinara"]
[Black "Tsolakidou, Stavroula"]
[Result "0-1"]
[WhiteElo "2404"]
[BlackElo "2428"]
[PlyCount "58"]
[EventDate "2025.06.15"]
[EventType "team-k.o. (blitz)"]
[EventRounds "2"]
[EventCountry "ENG"]
[SourceTitle "CB25_2025"]
[SourceDate "2025.06.18"]
[SourceVersion "1"]
[SourceVersionDate "2025.06.18"]
[SourceQuality "1"]
[WhiteTeam "Germany and Friends"]
[BlackTeam "Team MGD1"]
[WhiteTeamCountry "GER"]
[BlackTeamCountry "IND"]

1. d4 Nf6 2. c4 e6 3. Nc3 Bb4 4. e3 b6 5. Nge2 Ne4 6. Qc2 Bb7 7. a3 Bxc3+ 8. Nxc3 Nxc3 9. Qxc3 0-0 10. h4 d6 11. b3 Nd7 12. Bb2 Qe7 13. f3 e5 14. 0-0-0 a5 15. Bd3 f5 16. Bc2 c5 17. dxe5 dxe5 18. f4 Rae8 19. Rd2 exf4 20. exf4 Nf6 21. Bxf5 Be4 22. Bh3 Bg6 23. Qe5 Qf7 24. Qd6 Ne4 25. Qd5 Nxd2 26. Qxd2 Qxf4 27. Qxf4 Rxf4 28. Rd1 Rf2 29. Rd7 Re1+ 0-1

[Event "WchT Blitz 5-8th"]
[Site "London"]
[Date "2025.06.15"]
[Round "1.3"]
[White "Wagner, Dinara"]
[Black "Tsolakidou, Stavroula"]
[Result "1-0"]
[WhiteElo "2404"]
[BlackElo "2428"]
[PlyCount "93"]
[EventDate "2025.06.15"]
[EventType "team-k.o. (blitz)"]
[EventRounds "2"]
[EventCountry "ENG"]
[SourceTitle "CB25_2025"]
[SourceDate "2025.06.18"]
[SourceVersion "1"]
[SourceVersionDate "2025.06.18"]
[SourceQuality "1"]
[WhiteTeam "Germany and Friends"]
[BlackTeam "Team MGD1"]
[WhiteTeamCountry "GER"]
[BlackTeamCountry "IND"]

1. d4 Nf6 2. c4 g6 3. Nc3 Bg7 4. e4 d6 5. Nf3 0-0 6. Be2 e5 7. d5 a5 8. Be3 Ng4 9. Bg5 f6 10. Bh4 Na6 11. Nd2 Nh6 12. f3 g5 13. Bf2 f5 14. h3 Nc5 15. Be3 f4 16. Bf2 Nf7 17. Nb3 b6 18. h4 gxh4 19. Nxc5 bxc5 20. Bxh4 Bf6 21. Bf2 Kh8 22. Qc2 Rg8 23. Rh2 Bd7 24. 0-0-0 Rg7 25. Rdh1 Qe7 26. Bd1 Rag8 27. Qe2 h6 28. Ba4 Bxa4 29. Nxa4 Rxg2 30. Qf1 Rxh2 31. Rxh2 Qd7 32. Nc3 Rg6 33. Nb5 Bd8 34. Kd1 Kg7 35. Ke2 Ng5 36. Be1 a4 37. Qh1 Nh7 38. Bf2 c6 39. dxc6 Qxc6 40. Qd1 Ng5 41. Qc2 Qd7 42. Qd3 Nh3 43. Bxc5 Bh4 44. Bxd6 Kf7 45. Bc5 Qxd3+ 46. Kxd3 Bg3 47. Rxh3 1-0

[Event "WchT Blitz Pool D"]
[Site "London"]
[Date "2025.06.14"]
[Round "8.5"]
[White "Atlas, Dimitry"]
[Black "Tsolakidou, Stavroula"]
[Result "0-1"]
[WhiteElo "2107"]
[BlackElo "2428"]
[PlyCount "33"]
[EventDate "2025.06.14"]
[EventType "team-tourn"]
[EventRounds "13"]
[EventCountry "ENG"]
[SourceTitle "CB25_2025"]
[SourceDate "2025.06.18"]
[SourceVersion "1"]
[SourceVersionDate "2025.06.18"]
[SourceQuality "1"]
[WhiteTeam "Perfect"]
[BlackTeam "Team MGD1"]
[WhiteTeamCountry "USA"]
[BlackTeamCountry "IND"]

1. e4 c5 2. c3 d5 3. exd5 Qxd5 4. d4 Nc6 5. Nf3 Bf5 6. Na3 cxd4 7. Nb5 0-0-0 8. Nbxd4 e5 9. Bg5 exd4 10. Bxd8 Qxd8 11. Nxd4 Nxd4 12. Qxd4 Qxd4 13. cxd4 Bb4+ 14. Ke2 Nf6 15. Rc1+ Kb8 16. f3 Re8+ 17. Kd1 0-1

[Event "WchT Blitz Pool D"]
[Site "London"]
[Date "2025.06.14"]
[Round "2.5"]
[White "Heimbaecher, Peter"]
[Black "Tsolakidou, Stavroula"]
[Result "0-1"]
[WhiteElo "1804"]
[BlackElo "2428"]
[PlyCount "60"]
[EventDate "2025.06.14"]
[EventType "team-tourn"]
[EventRounds "13"]
[EventCountry "ENG"]
[SourceTitle "CB25_2025"]
[SourceDate "2025.06.18"]
[SourceVersion "1"]
[SourceVersionDate "2025.06.18"]
[SourceQuality "1"]
[WhiteTeam "Rey Ahogado"]
[BlackTeam "Team MGD1"]
[WhiteTeamCountry "ESP"]
[BlackTeamCountry "IND"]

1. e4 c5 2. Nf3 d6 3. d4 cxd4 4. c3 Nf6 5. e5 dxe5 6. Nxe5 e6 7. Bb5+ Nbd7 8. cxd4 Bb4+ 9. Bd2 Bxd2+ 10. Nxd2 0-0 11. Nxd7 Bxd7 12. Bd3 Bc6 13. 0-0 Qd6 14. d5 Qxd5 15. Nf3 Qd4 16. h3 Qf4 17. Be2 Rfd8 18. Qc1 Qe4 19. Re1 Rac8 20. Qg5 h6 21. Qe3 Qxe3 22. fxe3 Nd5 23. e4 Nb4 24. Rac1 Bxe4 25. a3 Nd5 26. Nd2 Rxc1 27. Rxc1 Nf4 28. Bf3 Bxf3 29. Nxf3 Ne2+ 30. Kf2 Nxc1 0-1

[Event "WchT Blitz Pool D"]
[Site "London"]
[Date "2025.06.14"]
[Round "13.5"]
[White "Tsatsalashvili, Ketevan"]
[Black "Tsolakidou, Stavroula"]
[Result "1/2-1/2"]
[WhiteElo "2305"]
[BlackElo "2428"]
[PlyCount "85"]
[EventDate "2025.06.14"]
[EventType "team-tourn"]
[EventRounds "13"]
[EventCountry "ENG"]
[SourceTitle "CB25_2025"]
[SourceDate "2025.06.18"]
[SourceVersion "1"]
[SourceVersionDate "2025.06.18"]
[SourceQuality "1"]
[WhiteTeam "Katowice Hetman"]
[BlackTeam "Team MGD1"]
[WhiteTeamCountry "POL"]
[BlackTeamCountry "IND"]

1. d4 Nf6 2. c4 g6 3. Nc3 Bg7 4. e4 d6 5. Nf3 0-0 6. Be2 e5 7. 0-0 h6 8. Rb1 a5 9. a3 Nbd7 10. b4 axb4 11. axb4 exd4 12. Nxd4 Re8 13. f3 Ne5 14. Be3 h5 15. Bg5 Qd7 16. Nd5 Nxd5 17. cxd5 c6 18. dxc6 bxc6 19. Be3 Ba6 20. Bxa6 Rxa6 21. b5 cxb5 22. Nxb5 Rb8 23. Nd4 Rxb1 24. Qxb1 Nc4 25. Bf2 Nd2 26. Qb8+ Kh7 27. Rd1 Ra2 28. Qb4 Bh6 29. Nb5 Rc2 30. Nxd6 Bf8 31. e5 Bh6 32. f4 Qc6 33. h3 Nc4 34. Nxc4 Rxc4 35. Qe7 Rxf4 36. Be3 Rf5 37. Bxh6 Kxh6 38. Re1 Qb6+ 39. Kh1 Qf2 40. Qb4 Qf4 41. Qxf4+ Rxf4 42. e6 fxe6 43. Rxe6 1/2-1/2

[Event "WchT Blitz Pool D"]
[Site "London"]
[Date "2025.06.14"]
[Round "9.5"]
[White "Tsolakidou, Stavroula"]
[Black "Kabugu, Njagi"]
[Result "1-0"]
[WhiteElo "2428"]
[BlackElo "1682"]
[PlyCount "56"]
[EventDate "2025.06.14"]
[EventType "team-tourn"]
[EventRounds "13"]
[EventCountry "ENG"]
[SourceTitle "CB25_2025"]
[SourceDate "2025.06.18"]
[SourceVersion "1"]
[SourceVersionDate "2025.06.18"]
[SourceQuality "1"]
[WhiteTeam "Team MGD1"]
[BlackTeam "Kenya Equity Bank"]
[WhiteTeamCountry "IND"]
[BlackTeamCountry "KEN"]

1. e4 e6 2. d4 Be7 3. Nf3 c6 4. Bd3 d5 5. e5 Nd7 6. 0-0 h6 7. Nbd2 Nf8 8. Re1 Ng6 9. Nf1 Nh4 10. Ng3 Nxf3+ 11. Qxf3 Qb6 12. c3 Bd7 13. Nh5 Bf8 14. Qg3 0-0-0 15. Nxg7 Ne7 16. Nh5 Rg8 17. Qf3 Be8 18. Nf6 Rg6 19. Nxe8 Rxe8 20. Qxf7 Qd8 21. Bxg6 Nxg6 22. Qxg6 Be7 23. Qxe6+ Kb8 24. Bxh6 Ba3 25. Qf6 Be7 26. Qf5 Rh8 27. Bf4 Rf8 28. e6+ Ka8 1-0

[Event "WchT Rapid"]
[Site "London"]
[Date "2025.06.13"]
[Round "12.5"]
[White "Tsolakidou, Stavroula"]
[Black "Bulmaga, Irina"]
[Result "1/2-1/2"]
[WhiteElo "2394"]
[BlackElo "2372"]
[PlyCount "46"]
[EventDate "2025.06.11"]
[EventType "team-swiss"]
[EventRounds "12"]
[EventCountry "ENG"]
[SourceTitle "CB25_2025"]
[SourceDate "2025.06.18"]
[SourceVersion "1"]
[SourceVersionDate "2025.06.18"]
[SourceQuality "1"]
[WhiteTeam "Team MGD1"]
[BlackTeam "Malcolm's Mates"]
[WhiteTeamCountry "IND"]
[BlackTeamCountry "ENG"]

1. e4 e5 2. Nf3 Nc6 3. d4 exd4 4. Nxd4 Nf6 5. Nxc6 bxc6 6. Nd2 d5 7. exd5 cxd5 8. Bb5+ Bd7 9. Bxd7+ Qxd7 10. 0-0 Be7 11. b3 0-0 12. Bb2 Ng4 13. Nf3 Bf6 14. Bxf6 Nxf6 15. Qd4 Qd6 16. Rfe1 c5 17. Qd3 Rfe8 18. g3 h6 19. Rad1 Rad8 20. Kg2 Qc7 21. Qb5 Qb6 22. Rxe8+ Rxe8 23. Qxb6 axb6 1/2-1/2

[Event "WchT Rapid"]
[Site "London"]
[Date "2025.06.12"]
[Round "7.5"]
[White "Wagner, Dinara"]
[Black "Tsolakidou, Stavroula"]
[Result "1/2-1/2"]
[WhiteElo "2372"]
[BlackElo "2394"]
[PlyCount "97"]
[EventDate "2025.06.11"]
[EventType "team-swiss"]
[EventRounds "12"]
[EventCountry "ENG"]
[SourceTitle "CB25_2025"]
[SourceDate "2025.06.18"]
[SourceVersion "1"]
[SourceVersionDate "2025.06.18"]
[SourceQuality "1"]
[WhiteTeam "Germany and Friends"]
[BlackTeam "Team MGD1"]
[WhiteTeamCountry "GER"]
[BlackTeamCountry "IND"]

1. d4 Nf6 2. c4 g6 3. Nc3 Bg7 4. e4 d6 5. Nf3 0-0 6. Be2 e5 7. d5 a5 8. Be3 Ng4 9. Bg5 f6 10. Bh4 Na6 11. Nd2 Nh6 12. a3 Bd7 13. Rb1 g5 14. Bg3 f5 15. h3 f4 16. Bh2 Nc5 17. Bg1 a4 18. f3 b6 19. Bxc5 bxc5 20. Bd3 Nf7 21. Nb5 Qb8 22. Rc1 h5 23. Nb1 g4 24. hxg4 hxg4 25. N1c3 Ng5 26. Kd2 Kf7 27. Kc2 Qb6 28. Kb1 Qa5 29. fxg4 Rh8 30. Rh5 Bf6 31. Qe2 Rhg8 32. Bc2 Ke7 33. Bxa4 Nf7 34. Rh7 Bxg4 35. Qf2 Rg6 36. Bd1 Rag8 37. Bxg4 Rxg4 38. Qf3 Rxg2 39. Qh5 R2g7 40. Rxg7 Rxg7 41. Qf5 Nd8 42. Rh1 Qb6 43. Qc8 Qb7 44. Qf5 Rf7 45. Qg4 Rg7 46. Qf5 Rf7 47. Rh7 Rxh7 48. Qxh7+ Nf7 49. Ne2 1/2-1/2

[Event "AUT-chT Blitz"]
[Site "Pasching"]
[Date "2025.05.31"]
[Round "7.8"]
[White "Alekseenko, Kirill"]
[Black "Tsolakidou, Stavroula"]
[Result "1-0"]
[WhiteElo "2654"]
[BlackElo "2428"]
[PlyCount "61"]
[EventDate "2025.05.31"]
[EventType "team-swiss (blitz)"]
[EventRounds "13"]
[EventCountry "AUT"]
[SourceTitle "CB23_2025"]
[SourceDate "2025.06.04"]
[SourceVersion "1"]
[SourceVersionDate "2025.06.04"]
[SourceQuality "1"]
[WhiteTeam "Linz ASV"]
[BlackTeam "Linz Victoria"]
[WhiteTeamCountry "AUT"]
[BlackTeamCountry "AUT"]

1. e4 e5 2. Nf3 Nc6 3. Bc4 Nf6 4. d3 d5 5. exd5 Nxd5 6. 0-0 Nb6 7. Bb3 Bg4 8. Re1 Qe7 9. h3 Bh5 10. a4 a5 11. Nbd2 0-0-0 12. Qe2 f6 13. c3 g5 14. Ne4 Nd5 15. d4 exd4 16. Qb5 Bxf3 17. Bxd5 Bxe4 18. Bxe4 Qc5 19. Qb3 Bd6 20. Bd2 Be5 21. Rad1 h5 22. Rc1 d3 23. Be3 Qd6 24. Rcd1 Bf4 25. Rxd3 Qe5 26. Bxc6 bxc6 27. Qd1 Rxd3 28. Qxd3 Bxe3 29. Rxe3 Qd5 30. Qa6+ Kd7 31. Rd3 1-0

[Event "AUT-chT Blitz"]
[Site "Pasching"]
[Date "2025.05.31"]
[Round "6.16"]
[White "Tsolakidou, Stavroula"]
[Black "Risteski, Emil"]
[Result "1-0"]
[WhiteElo "2428"]
[BlackElo "2359"]
[PlyCount "63"]
[EventDate "2025.05.31"]
[EventType "team-swiss (blitz)"]
[EventRounds "13"]
[EventCountry "AUT"]
[SourceTitle "CB23_2025"]
[SourceDate "2025.06.04"]
[SourceVersion "1"]
[SourceVersionDate "2025.06.04"]
[SourceQuality "1"]
[WhiteTeam "Linz Victoria"]
[BlackTeam "OBANA"]
[WhiteTeamCountry "AUT"]
[BlackTeamCountry "ISR"]

1. e4 d6 2. d4 Nf6 3. Nc3 e5 4. Nf3 Nbd7 5. Rg1 g6 6. Be3 Bg7 7. dxe5 dxe5 8. g4 c6 9. g5 Nh5 10. Qd2 Qe7 11. 0-0-0 0-0 12. Be2 b5 13. Qd6 Re8 14. Qxc6 Rb8 15. Nd5 Qf8 16. Bxa7 Re6 17. Qc3 Ra8 18. Be3 Rxa2 19. Bxb5 Nf4 20. Kb1 Ra8 21. Nc7 Rb8 22. Nxe6 fxe6 23. Bxd7 Ne2 24. Qc5 Qxf3 25. Bxc8 Nxg1 26. Rxg1 Qxe4 27. Bxe6+ Kh8 28. Rd1 Bf8 29. Qc4 Qf3 30. Qd5 Qe2 31. Qxe5+ Bg7 32. Qxb8+ 1-0

[Event "PlusCity Grand Prix Rapid"]
[Site "Pasching"]
[Date "2025.05.30"]
[Round "3"]
[White "Iturrizaga Bonelli, Eduardo"]
[Black "Tsolakidou, Stavroula"]
[Result "1-0"]
[WhiteElo "2578"]
[BlackElo "2428"]
[PlyCount "77"]
[EventDate "2025.05.30"]
[EventType "swiss (rapid)"]
[EventRounds "9"]
[EventCountry "AUT"]
[SourceTitle "CB23_2025"]
[SourceDate "2025.06.04"]
[SourceVersion "1"]
[SourceVersionDate "2025.06.04"]
[SourceQuality "1"]

1. c4 Nf6 2. g3 g6 3. Bg2 Bg7 4. Nc3 0-0 5. d4 d6 6. e4 Nc6 7. Nge2 e5 8. d5 Ne7 9. 0-0 Nd7 10. Be3 f5 11. f3 fxe4 12. fxe4 Nf6 13. h3 c6 14. b4 cxd5 15. cxd5 Bd7 16. Qd3 h5 17. Nb5 Bxb5 18. Qxb5 Qd7 19. Qd3 Qa4 20. Nc3 Qa3 21. Rab1 Rac8 22. Rb3 Qa6 23. Qxa6 bxa6 24. b5 axb5 25. Nxb5 Rfd8 26. Nxa7 Rc4 27. Bg5 Rf8 28. Rbf3 Ra4 29. Nb5 Nxe4 30. Bxe7 Rxf3 31. Rxf3 Rxa2 32. Ra3 Rxa3 33. Nxa3 Nxg3 34. Bxd6 Nf5 35. Bc5 Kf7 36. Nc4 Kf6 37. Bb6 g5 38. Bd8+ Kg6 39. Be4 1-0

[Event "PlusCity Grand Prix Rapid"]
[Site "Pasching"]
[Date "2025.05.30"]
[Round "6"]
[White "Kadric, Denis"]
[Black "Tsolakidou, Stavroula"]
[Result "1/2-1/2"]
[WhiteElo "2536"]
[BlackElo "2428"]
[PlyCount "93"]
[EventDate "2025.05.30"]
[EventType "swiss (rapid)"]
[EventRounds "9"]
[EventCountry "AUT"]
[SourceTitle "CB23_2025"]
[SourceDate "2025.06.04"]
[SourceVersion "1"]
[SourceVersionDate "2025.06.04"]
[SourceQuality "1"]

1. e4 e6 2. d4 d5 3. e5 c5 4. c3 Nc6 5. Nf3 Nge7 6. Na3 Bd7 7. Nc2 Qa5 8. Bf4 Nxd4 9. Ncxd4 cxd4 10. Nxd4 Nc6 11. Be2 Nxd4 12. Qxd4 Bb5 13. Qe3 Qa6 14. a4 Bxe2 15. Qxe2 Qxe2+ 16. Kxe2 Rc8 17. Be3 Bc5 18. Rhd1 Bxe3 19. Kxe3 Ke7 20. Rd4 Rc7 21. Ra3 f6 22. exf6+ gxf6 23. Rb3 Rb8 24. Rh4 Kd6 25. Rbb4 Rg8 26. Rbg4 Rxg4 27. Rxg4 e5 28. Rh4 Ke6 29. f4 Rd7 30. g4 exf4+ 31. Kxf4 d4 32. Rh3 dxc3 33. Re3+ Kf7 34. Rxc3 Kg6 35. Rc4 Rd2 36. Rb4 b6 37. h4 h5 38. gxh5+ Kxh5 39. Kf5 Rf2+ 40. Ke6 f5 41. Ke5 f4 42. Rxf4 Rxb2 43. Kd6 a5 44. Kc6 Rb4 45. Rf5+ Kxh4 46. Rb5 Rxa4 47. Kxb6 1/2-1/2

[Event "PlusCity Grand Prix Rapid"]
[Site "Pasching"]
[Date "2025.05.30"]
[Round "7"]
[White "Tsolakidou, Stavroula"]
[Black "Teclaf, Pawel"]
[Result "0-1"]
[WhiteElo "2428"]
[BlackElo "2555"]
[PlyCount "64"]
[EventDate "2025.05.30"]
[EventType "swiss (rapid)"]
[EventRounds "9"]
[EventCountry "AUT"]
[SourceTitle "CB23_2025"]
[SourceDate "2025.06.04"]
[SourceVersion "1"]
[SourceVersionDate "2025.06.04"]
[SourceQuality "1"]

1. d4 e6 2. e4 d5 3. e5 c5 4. c3 Nc6 5. Nf3 Qc7 6. Be2 Nge7 7. 0-0 Bd7 8. Na3 a6 9. Nc2 Rc8 10. Bd3 cxd4 11. cxd4 Na5 12. Qe2 Qb6 13. b3 Bb5 14. Bxb5+ Qxb5 15. Qxb5+ axb5 16. Na3 b4 17. Nb5 Ng6 18. Bd2 Nc6 19. Rfc1 Be7 20. Ne1 Kd7 21. Nd3 Ra8 22. Nc5+ Bxc5 23. Rxc5 Ra6 24. Be3 Ra5 25. Nd6 Rxc5 26. dxc5 Ngxe5 27. Nxb7 Ra8 28. Nd6 Nd3 29. Nxf7 d4 30. Bd2 Nxc5 31. Rd1 Rxa2 32. Be3 Ke7 0-1

[Event "PlusCity Grand Prix Blitz"]
[Site "Pasching"]
[Date "2025.05.29"]
[Round "8"]
[White "Tsolakidou, Stavroula"]
[Black "Jovanovic, Zoran"]
[Result "1-0"]
[WhiteElo "2428"]
[BlackElo "2499"]
[PlyCount "91"]
[EventDate "2025.05.29"]
[EventType "swiss (blitz)"]
[EventRounds "13"]
[EventCountry "AUT"]
[SourceTitle "CB23_2025"]
[SourceDate "2025.06.04"]
[SourceVersion "1"]
[SourceVersionDate "2025.06.04"]
[SourceQuality "1"]

1. e4 d6 2. d4 Nf6 3. Nc3 e5 4. Nf3 Nbd7 5. Rg1 g6 6. Be3 Bg7 7. dxe5 dxe5 8. g4 0-0 9. g5 Nh5 10. Qd2 Nb6 11. Qxd8 Rxd8 12. Nb5 Bd7 13. a4 Bxb5 14. axb5 Nf4 15. Nd2 Bf8 16. Nb3 Ne6 17. Be2 Nd4 18. Nxd4 exd4 19. Bd2 Re8 20. f3 Bd6 21. h4 Nd7 22. Kf2 Bc5 23. Bd3 Ne5 24. f4 Nxd3+ 25. cxd3 Re6 26. Rgc1 Bb6 27. Ba5 Rc8 28. Kf3 f6 29. Rc4 Rf8 30. Bxb6 Rxb6 31. Rxc7 Rxb5 32. Rxa7 fxg5 33. hxg5 Rb3 34. Raxb7 Rxd3+ 35. Kg4 Rd8 36. Rg7+ Kh8 37. Rxh7+ Kg8 38. Rbg7+ Kf8 39. Rxg6 Re8 40. Rh8+ Kf7 41. Rxe8 Kxe8 42. Rd6 Ke7 43. Rd5 Rd1 44. Kf5 d3 45. g6 d2 46. e5 1-0

[Event "PlusCity Grand Prix Blitz"]
[Site "Pasching"]
[Date "2025.05.29"]
[Round "10"]
[White "Tsolakidou, Stavroula"]
[Black "Kozul, Zdenko"]
[Result "0-1"]
[WhiteElo "2428"]
[BlackElo "2506"]
[PlyCount "72"]
[EventDate "2025.05.29"]
[EventType "swiss (blitz)"]
[EventRounds "13"]
[EventCountry "AUT"]
[SourceTitle "CB23_2025"]
[SourceDate "2025.06.04"]
[SourceVersion "1"]
[SourceVersionDate "2025.06.04"]
[SourceQuality "1"]

1. e4 c5 2. Nf3 d6 3. d4 cxd4 4. Nxd4 Nf6 5. Nc3 Nc6 6. Bg5 e6 7. Qd2 Qb6 8. Nb3 Be7 9. 0-0-0 a6 10. f4 0-0 11. h4 Rd8 12. Be2 Qc7 13. g4 b5 14. Bxf6 Bxf6 15. g5 Be7 16. h5 b4 17. Nb1 a5 18. h6 g6 19. Nd4 Nxd4 20. Qxd4 e5 21. Qc4 Qxc4 22. Bxc4 exf4 23. Rhg1 Be6 24. Bd5 Rac8 25. Nd2 Bxd5 26. exd5 f6 27. Ne4 fxg5 28. Nxg5 Bxg5 29. Rxg5 Re8 30. Rg2 Re5 31. Rf2 g5 32. Rd3 Kf7 33. Kd2 Kg6 34. c3 bxc3+ 35. bxc3 Kf5 36. Rd4 Re4 0-1

[Event "PlusCity Grand Prix Blitz"]
[Site "Pasching"]
[Date "2025.05.29"]
[Round "6"]
[White "Tsolakidou, Stavroula"]
[Black "Subelj, Jan"]
[Result "0-1"]
[WhiteElo "2428"]
[BlackElo "2537"]
[PlyCount "82"]
[EventDate "2025.05.29"]
[EventType "swiss (blitz)"]
[EventRounds "13"]
[EventCountry "AUT"]
[SourceTitle "CB23_2025"]
[SourceDate "2025.06.04"]
[SourceVersion "1"]
[SourceVersionDate "2025.06.04"]
[SourceQuality "1"]

1. c4 e6 2. g3 d5 3. Bg2 dxc4 4. Nf3 c5 5. Na3 Bd7 6. Ne5 Qc7 7. Naxc4 Nc6 8. Nxd7 Qxd7 9. b3 Be7 10. 0-0 Bf6 11. Rb1 Nge7 12. d3 0-0 13. Bd2 Nd5 14. Rc1 Rac8 15. a3 Rfd8 16. b4 cxb4 17. axb4 Ndxb4 18. Qb3 Nd4 19. Qxb4 Nxe2+ 20. Kh1 Nxc1 21. Rxc1 Qxd3 22. Be3 a5 23. Qb5 Rxc4 24. Qxc4 Qxc4 25. Rxc4 Rd1+ 26. Bf1 Rxf1+ 27. Kg2 Rd1 28. Bb6 h5 29. Bxa5 Rd5 30. Bc7 b5 31. Rb4 Be7 32. Rb3 b4 33. Bf4 g5 34. Be3 Kg7 35. Kf3 Kg6 36. Ke2 f5 37. Bd2 Rb5 38. Kd3 e5 39. f3 Rd5+ 40. Ke2 g4 41. fxg4 hxg4 0-1

[Event "EU-ch (Women) 25th"]
[Site "Rhodes"]
[Date "2025.04.09"]
[Round "9"]
[White "Kiolbasa, Oliwia"]
[Black "Tsolakidou, Stavroula"]
[Result "1/2-1/2"]
[WhiteElo "2361"]
[BlackElo "2436"]
[PlyCount "60"]
[EventDate "2025.03.31"]
[EventType "swiss"]
[EventRounds "11"]
[EventCountry "GRE"]
[SourceTitle "CB16_2025"]
[SourceDate "2025.04.16"]
[SourceVersion "1"]
[SourceVersionDate "2025.04.16"]
[SourceQuality "1"]

1. e4 e6 2. d4 d5 3. e5 c5 4. c3 Nc6 5. Nf3 Nge7 6. Na3 Bd7 7. Nc2 Qa5 8. Bd2 Qb6 9. dxc5 Qc7 10. Be2 Ng6 11. b4 Ncxe5 12. Nxe5 Nxe5 13. f4 Nc4 14. Bxc4 dxc4 15. Nd4 Be7 16. 0-0 0-0 17. Qf3 Bf6 18. Qe2 b6 19. Qxc4 Rfc8 20. Nb3 a5 21. bxa5 bxa5 22. Be3 a4 23. Nd2 Be7 24. Ne4 Bc6 25. Rf2 Bxe4 26. Qxe4 Bxc5 27. Bd4 Bxd4 28. cxd4 Qc4 29. f5 exf5 30. Qxf5 Rd8 1/2-1/2